00672 2200265 4500001002100000005001700021008004100038020001800079035002400097082001100121090001800132100002000150245004500170250001100215260003000226300002300256650003400279850001600313980001300329985000600342986001300348999001500361999001500376999001500391YOGYA-0209000001576620090227022551.0 ind  a979-499-144-9 0010-020900000015766 a347.05 a347.05bLem P aLEMEK, Jeremias aPenuntun membuat gugatancJeremias Lemek aCet. 3 aYogyakartabLibertyc2000 avi, 109 hlmc21 cm aGugatan (Hukum acara perdata) aYOPDYOG (B) a19-09-05 a3 afwhrtrev a02P0002965 a02P0002966 a02P0002967